Reshaping economic geography. (Record no. 176)

MARC details
000 -LEADER
fixed length control field 00943nam a22002777a 4500
001 - CONTROL NUMBER
control field 15631203
005 - DATE AND TIME OF LATEST TRANSACTION
control field 20230207130158.0
008 - FIXED-LENGTH DATA ELEMENTS--GENERAL INFORMATION
fixed length control field 230207b |||||||| |||| 00| 0 eng d
010 ## - LIBRARY OF CONGRESS CONTROL NUMBER
LC control number 2009275780
020 ## - INTERNATIONAL STANDARD BOOK NUMBER
International Standard Book Number 9780821376072 (pbk.)
020 ## - INTERNATIONAL STANDARD BOOK NUMBER
International Standard Book Number 0821376071 (pbk.)
020 ## - INTERNATIONAL STANDARD BOOK NUMBER
International Standard Book Number 9780821376409 (hbk.)
020 ## - INTERNATIONAL STANDARD BOOK NUMBER
International Standard Book Number 0821376403 (hbk.)
035 ## - SYSTEM CONTROL NUMBER
System control number (OCoLC)ocn301347970
040 ## - CATALOGING SOURCE
Original cataloging agency XFF
Transcribing agency KMU
Modifying agency DLC
042 ## - AUTHENTICATION CODE
Authentication code lccopycat
245 00 - TITLE STATEMENT
Title Reshaping economic geography.
260 ## - PUBLICATION, DISTRIBUTION, ETC.
Place of publication, distribution, etc. Washington, D.C. :
Name of publisher, distributor, etc. World Bank,
Date of publication, distribution, etc. c2009.
300 ## - PHYSICAL DESCRIPTION
Extent xxiii, 383 p. :
Other physical details col. ill., col. maps ;
Dimensions 27 cm.
440 #0 - SERIES STATEMENT/ADDED ENTRY--TITLE
Title World development report ;
Volume/sequential designation 2009
504 ## - BIBLIOGRAPHY, ETC. NOTE
Bibliography, etc. note Includes bibliographical references (p. 305-329) and index.
650 #0 - SUBJECT ADDED ENTRY--TOPICAL TERM
Topical term or geographic name entry element Economic geography.
906 ## - LOCAL DATA ELEMENT F, LDF (RLIN)
a 0
b ibc
c copycat
d 2
e ncip
f 20
g y-gencatlg
942 ## - ADDED ENTRY ELEMENTS (KOHA)
Source of classification or shelving scheme Library of Congress Classification
Koha item type Non-Fiction
Suppress in OPAC No
Holdings
Withdrawn status Lost status Source of classification or shelving scheme Damaged status Not for loan Collection Home library Current library Shelving location Date acquired Source of acquisition Total Checkouts Full call number Barcode Date last seen Price effective from Koha item type
    Library of Congress Classification     Non-fiction Kapasa Makasa University Kapasa Makasa University Open Access 06.02.2023 Book Aid International   HF 1025 Res 2009 747794 07.02.2023 07.02.2023 Non-Fiction
    Library of Congress Classification     Non-fiction Kapasa Makasa University Kapasa Makasa University Open Access 06.02.2023 Book Aid International   HF 1025 Res 2009 747800 07.02.2023 07.02.2023 Non-Fiction
    Library of Congress Classification     Non-fiction Kapasa Makasa University Kapasa Makasa University Open Access 06.02.2023 Book Aid International   HF 1025 Res 2009 747798 07.02.2023 07.02.2023 Non-Fiction
    Library of Congress Classification     Non-fiction Kapasa Makasa University Kapasa Makasa University Open Access 06.02.2023 Book Aid International   HF 1025 Res 2009 747795 07.02.2023 07.02.2023 Non-Fiction
    Library of Congress Classification     Non-fiction Kapasa Makasa University Kapasa Makasa University Open Access 06.02.2023 Book Aid International   HF 1025 Res 2009 747799 07.02.2023 07.02.2023 Non-Fiction
    Library of Congress Classification     Non-fiction Kapasa Makasa University Kapasa Makasa University Open Access 06.02.2023 Book Aid International   HF 1025 Res 2009 747796 07.02.2023 07.02.2023 Non-Fiction
    Library of Congress Classification     Non-fiction Kapasa Makasa University Kapasa Makasa University Open Access 06.02.2023 Book Aid International   HF 1025 Res 2009 747797 07.02.2023 07.02.2023 Non-Fiction